Návrh systému pre 3D video prenos

Gespeichert in:
Bibliographische Detailangaben
1. Verfasser: Halásová, Lucia (Verfasst von)
Weitere Verfasser: Rozinaj, Gregor (Betreuung Doktorarbeit)
Format: Manuskript Buch
Sprache:Slowakisch
Veröffentlicht: 2018
Schlagworte:
Online-Zugang:http://is.stuba.sk/zp/portal_zp.pl?podrobnosti=116238
Tags: Tag hinzufügen
Keine Tags, Fügen Sie das erste Tag hinzu!

MARC

LEADER 00000ntm a22000003a 4500
001 stuzp63815
003 SK-STU
005 20181025115940.2
007 ta
008 150427s2015----xo-----f-mn---000-0-slo-d
040 |a STU  |b slo 
041 0 |a slo 
044 |a xo 
100 1 |a Halásová, Lucia  |u 037000  |4 aut  |U FEI Fakulta elektrotechniky a informatiky  |T FEI Ústav multimediálnych informačných a komunikačných technológií  |X 74932  |U E070  |Y 818  |7 74932 
242 0 1 |a System Design for 3D Video Transmission  |y eng 
245 1 0 |a Návrh systému pre 3D video prenos 
260 |c 2018 
300 |a 57 s., príl. 
650 4 |a holobox  |2 eng 
650 4 |a holography  |2 eng 
650 4 |a 3D  |2 eng 
650 4 |a hologram  |2 eng 
650 4 |a videoconferencing  |2 eng 
650 4 |a holobox  |2 slo 
650 4 |a hologram  |2 slo 
650 4 |a holografia  |2 slo 
650 4 |a videokonferencia  |2 slo 
650 4 |a 3D  |2 slo 
700 1 |a Rozinaj, Gregor  |u 037000  |k Z1  |4 ths  |U FEI Fakulta elektrotechniky a informatiky  |T FEI Ústav multimediálnych informačných a komunikačných technológií  |X 1945  |U E070  |Y 818  |7 A000001945 
856 4 |u http://is.stuba.sk/zp/portal_zp.pl?podrobnosti=116238 
996 |b 284ER02625  |c E*Bc- 2625  |l EE37  |s P  |a 0  |w stuzp63815_0001